LEADER 01648nam 22005175u 450 001 9910155260703321 005 20211006145126.0 010 $a9783318031928 010 $a3318031925 035 $a(CKB)3780000000101751 035 $a(OCoLC)960214399 035 $a(SZ-BaSKA)218103 035 $a(PPN)268789940 035 $a(MiAaPQ)EBC31866845 035 $a(Au-PeEL)EBL31866845 035 $a(EXLCZ)993780000000101751 100 $a20211006d1971 uy 0 101 0 $aeng 135 $aurunu||||| 181 $ctxt$2rdacontent 182 $cc$2rdamedia 183 $acr$2rdacarrier 200 10$aMode of Action / $f editors, H. Schönfeld, A.L. de Weck 205 $a1st ed. 210 $aBasel : $cS. Karger, $d1971 215 $a1 online resource (XII + 170 pages) : $c 19 figures, 8 tables 225 1 $aIssn Series 311 08$a9783805512251 311 08$a3805512252 327 $a978-3-8055-1225-1_cover1 -- 978-3-8055-1225-1_00I -- 978-3-8055-1225-1_001 -- 978-3-8055-1225-1_029 -- 978-3-8055-1225-1_052 -- 978-3-8055-1225-1_067 -- 978-3-8055-1225-1_087 -- 978-3-8055-1225-1_095 -- 978-3-8055-1225-1_101 -- 978-3-8055-1225-1_122 -- 978-3-8055-1225-1_137. 410 0$aIssn Series 606 $aPharmacology 606 $aInfectious Diseases 606 $aMetabolism 606 $aPharmaceutics 615 14$aPharmacology 615 14$aInfectious Diseases 615 14$aMetabolism 615 14$aPharmaceutics 700 $aSchönfeld$b H$01215176 801 0$bUKSKG 801 1$bUKSKG 906 $aBOOK 912 $a9910155260703321 996 $aMode of Action$92812852 997 $aUNINA